00703cam a22001937a 4500003000500000005001700005008004100022010001000063011001000073035001000083040000900093100003900102245011800141260004100259300003000300502011100330650003500441650003300476CHAP20220329142156.0000131d mx r 00110 spa d a79598 a80570 a91021 cCHAP00aGaucín Piedra, Salvador Darío.10aAnálisis del crédito agropecuario en el estado de Durango (1990-1998)c/ por Salvador Darío Gaucín Piedra aChapingo, Méx. :bEl autor,c1999. a95 h. :bgráfs. ; anexo aTesis (Ing. Agr. Esp. en Economía Agrícola) -- UACH. División de Ciencias Económico-Administrativo14aCrédito agrícolaxDurango.14aCrédito ganaderozDurango.